| Tag |
First Indicator |
Second Indicator |
Subfields |
| LEADER |
00000cas a2200000 a 4500 |
| 001 |
in00002786874 |
| 005 |
20151202172142.0 |
| 006 |
m o d |
| 007 |
cr ||||||||||| |
| 008 |
071021d19761989njuqr poo o 0 a0eng d |
| 010 |
|
|
|a 2007265275
|
| 016 |
7 |
|
|a 986264881
|2 DE-101
|
| 016 |
7 |
|
|a 2394855-3
|2 DE-600
|
| 022 |
0 |
|
|a 2325-582X
|y 0147-2496
|2 1
|
| 029 |
1 |
|
|a NZ1
|b 12140539
|
| 029 |
1 |
|
|a AU@
|b 000043822781
|
| 029 |
1 |
|
|a AU@
|b 000044060033
|
| 029 |
1 |
|
|a AU@
|b 000044941552
|
| 029 |
1 |
|
|a AU@
|b 000045721387
|
| 029 |
1 |
|
|a GWDNB
|b 986264881
|
| 029 |
1 |
|
|a AU@
|b 000042366474
|
| 035 |
|
|
|a (OCoLC)ocn175290722
|
| 035 |
|
|
|a (OCoLC)175290722
|
| 040 |
|
|
|a EYM
|b eng
|c EYM
|d HLS
|d GWDNB
|d OCLCQ
|d DLC
|d TXA
|d UtOrBLW
|
| 042 |
|
|
|a lcd
|a nsdp
|
| 049 |
|
|
|a TXAM
|
| 050 |
1 |
4 |
|a GF1
|
| 082 |
1 |
0 |
|a 304.2/05
|2 23
|
| 090 |
|
|
|a AZ361
|b .E5 Electronic
|
| 222 |
|
0 |
|a Environmental review
|b (Online)
|
| 245 |
0 |
0 |
|a Environmental review.
|
| 246 |
1 |
3 |
|a ER
|
| 264 |
|
1 |
|a [Pittsburgh, Pa.] :
|b [publisher not identified]
|
| 310 |
|
|
|a Quarterly,
|b 1983-1989
|
| 321 |
|
|
|a Three issues a year,
|b 1976-80
|
| 321 |
|
|
|a 2 issues a year,
|b 1981-82
|
| 336 |
|
|
|a text
|b txt
|2 rdacontent
|
| 337 |
|
|
|a computer
|b c
|2 rdamedia
|
| 338 |
|
|
|a online resource
|b cr
|2 rdacarrier
|
| 362 |
1 |
|
|a Began with: [Vol. 1], no. 1 (1976); ceased with: Vol. 13, no. 3/4 (fall/winter 1989).
|
| 500 |
|
|
|a Description based on first issue; title from cover (JSTOR, viewed Oct. 31, 2007).
|
| 500 |
|
|
|a Final issue consulted (JSTOR, viewed Oct. 31, 2007).
|
| 515 |
|
|
|a Issues no. 1- called also 1/76-
|
| 515 |
|
|
|a Issues no. 1-6 carry no volume numbering but constitute v. 1-2.
|
| 550 |
|
|
|a Issues no. 3 (1977)- issued by: American Society for Environmental History; issues for 1986-summer 1988 published for the American Society for Environmental History by Oregon State University, Corvallis, Or.; issues for fall 1988-1989 published for the American Society for Environmental History by New Jersey Institute of Technology, Newark, NJ.
|
| 500 |
|
|
|a Electronic resource.
|
| 650 |
|
0 |
|a Human ecology
|v Periodicals.
|
| 650 |
|
0 |
|a Environmental protection
|v Periodicals.
|
| 650 |
|
0 |
|a Science and the humanities
|v Periodicals.
|
| 710 |
2 |
|
|a American Society for Environmental History.
|
| 770 |
0 |
|
|t Environmental review. Bibliographic supplement
|
| 776 |
0 |
8 |
|i Also issued in print:
|t Environmental review (Pittsburgh, Pa.)
|x 0147-2496
|w (DLC) 78640718
|w (OCoLC)2739378
|
| 780 |
0 |
5 |
|t Environmental history newsletter
|
| 785 |
0 |
0 |
|t Environmental history review
|x 2325-5811
|w (DLC) 2007265274
|w (OCoLC)175290724
|
| 948 |
|
|
|a cataloged
|b h
|c 2012/12/19
|d c
|e spoltoratski
|f 12:14:12 pm
|g sc
|
| 994 |
|
|
|a C0
|b TXA
|
| 999 |
|
|
|a MARS
|
| 999 |
f |
f |
|s 232fc3ad-a003-311a-9f88-c85ed08c328d
|i a388ddfd-61b4-3459-b08b-e0c1d25e04cb
|t 0
|
| 952 |
f |
f |
|a Texas A&M University
|b College Station
|c Electronic Resources
|d Available Online
|t 0
|e AZ361 .E5
|g Electronic
|h Library of Congress classification
|
| 998 |
f |
f |
|a AZ361 .E5
|t 0
|l Available Online
|